O čem je TQM

Hlavné myšlienky a zásady TQM. Vývoj TQM. Termín, metódy a nástroje TQM. Osem základných princípov manažmentu kvality. Výhody TQM. Implementácia TQM. Možnosti zlyhania.

Gespeichert in:
Bibliographische Detailangaben
1. Verfasser: Janetka, Pavol
Format: Buchkapitel
Sprache:Tschechisch
Schlagworte:
Tags: Tag hinzufügen
Keine Tags, Fügen Sie das erste Tag hinzu!

MARC

LEADER 00000naa$a2200000$$$4500
001 0004022
005 20231002104744.2
041 0 |a cze 
044 |a CZ 
245 1 0 |a O čem je TQM  |c aut. Pavol Janetka 
520 |a Hlavné myšlienky a zásady TQM. Vývoj TQM. Termín, metódy a nástroje TQM. Osem základných princípov manažmentu kvality. Výhody TQM. Implementácia TQM. Možnosti zlyhania. 
610 2 0 |a riadenie kvality 
610 2 0 |a podnik 
610 2 0 |a manažment 
610 2 0 |a zákazníci 
610 2 0 |a znižovanie nákladov 
100 1 |a Janetka, Pavol